Music Quiz

Random Music or Artist Quiz

Quick Pick: 1980s Top 20 'E' Artists Quiz Stats

 Plays Quiz not verified by Sporcle

Score 0/10 Timer 01:30
3 Plays Today
% Correct
Eurythmics
100%
Sheena Easton
88.2%
Eagles
80.5%
Earth, Wind & Fire
73.8%
The Escape Club
71.3%
Gloria Estefan
69.2%
Europe
69.2%
ELO
62.6%
Erasure
58.5%
Expose
55.4%

You're not logged in!

Compare scores with friends on all Sporcle quizzes.
OR
Log In

Sporcle TV

Today on Sporcle TV


Watch our educational content, quiz creation guides, and fun videos on Sporcle TV.

Show Comments

Extras

Top Quizzes Today


Score Distribution

Your Account Isn't Verified!

In order to create a playlist on Sporcle, you need to verify the email address you used during registration. Go to your Sporcle Settings to finish the process.

Report this User

Report this user for behavior that violates our Community Guidelines.

Details: